| 000 | 00417 a2200121 4500 | ||
|---|---|---|---|
| 001 | ART_51948 | ||
| 005 | 20260410162045.0 | ||
| 008 | 260409a | ||
| 245 | 1 | 0 | _aHerramientas fiscales en época de COVID-19. Institutos jurídicos esenciales en la relación fisco-contribuyente |
| 100 | 1 | _aCaveggia, Sergio | |
| 700 | 1 | _aStepanenko, Felipe C. | |
| 773 | 0 |
_tImpuestos _g- N°81 (ago. 2020) _wREV45175 |
|
| 999 |
_c35218 _d35218 |
||